000 00675nam a2200229Ia 4500
003 OSt
005 20220923212113.0
006 a|||||r|||| 00| 0
007 ta
008 220922b |||||||| |||| 00| 0 hin d
024 _a150,743
037 _cTextual
040 _aARTS
_cARTS
_bhin
041 _2hin
_ahin
082 _aLAv, 152J2.1
100 _aसूरम चन्द्र
_9156291
245 0 _aआयुर्वेद का इतिहास प्रथम भाग
246 _aĀyurved kā itihās pratham bhāga
260 _c1952
942 _hLAv, 152J2.1
_cTEXL
_2CC
999 _c306423
_d306423